| 000 | 00808nam a2200217Ia 4500 | ||
|---|---|---|---|
| 999 |
_c36069 _d36069 |
||
| 001 | 1969 | ||
| 003 | GE_BSU | ||
| 005 | 20221006151454.0 | ||
| 008 | 181216s2004ru xx |||||||||||||| ||rus|| | ||
| 020 | _a5891237431 | ||
| 040 | _cGE_BSU | ||
| 041 | _arus | ||
| 080 | _a342.56(075.8) К-65 | ||
| 245 |
_aКонституционный судебный процесс : _bУчебник для вузов / _cОтв.ред.М.С.Саликов |
||
| 264 |
_aМосква : _bНорма, _c2004. |
||
| 300 |
_a416 стр.: _b21см. |
||
| 653 | _aКонституционный судебный процесс | ||
| 653 | _aსაკონსტიტუციო სამართალწარმოება | ||
| 700 |
_aСаликов, М.С _eრედასქტორი _915117 |
||
| 942 |
_cBK _2udc |
||